• 首页
  • 本馆介绍
  • 公告通知
  • 最新文献
  • 馆藏检索
  • 电子资源
  • 读者导购
  • 参考咨询
  • 我的图书馆
  • 登录
  • 详细信息显示
  • 放入我的书架
  • 预约/预借图书
  • 作者相关作品
  • 分类相关作品
  • 丛书相关作品
  • 出版社相关作品

书目信息

  • 表格格式
  • 工作单格式
  • 卡片格式
题名:
汉语-逻辑相应相异研究
    
 
作者: 韦世林 著
分册:  
出版信息: 昆明   云南教育出版社  2000
页数: 318页
开本: 20cm
丛书名:
单 册:
中图分类: H0-05
科图分类:
主题词: 语言--关系
电子资源:
ISBN: 7-5415-0809-8
000 00578nam0 2200205 45
001 0311291644
005 20031219104123.2
010    @a7-5415-0809-8@dCNY15.00
100    @a20031129d2000 km y0chiy0120 ea
101 0  @achi
105    @a z 000yy
200 1  @a汉语-逻辑相应相异研究@AHan Yu-Luo Ji Xiang Ying Xiang Yi Yan Jiu@f韦世林著@FWei Shi Lin Zhu
205    @a2版
210    @a昆明@c云南教育出版社@d2000
215    @a318页@d20cm
606 0  @a语言@x关系
690    @aH0-05@v4
701  0 @a韦世林@4著
801    @aCN@bTSTC@c20031129
905    @b330398-402@dH0-05@e108=2@f5
    
    汉语-逻辑相应相异研究/韦世林著.-2版.-昆明:云南教育出版社,2000
    318页;20cm
    
    
    ISBN 7-5415-0809-8:CNY15.00
    
●
相关链接 在E读中查询图书 在五车中查询图书 在当当中查询图书 在豆瓣中查询图书


正题名:汉语-逻辑相应相异研究     索取号:H0-05/108=2         预约/预借

序号 登录号 条形码 馆藏地/架位号 状态 备注
1 0330398   203303987   第四借阅区/ [索取号:H0-05/108=2] 在馆    
2 0330399   203303996   第四借阅区/ [索取号:H0-05/108=2] 在馆    
3 0330400   203304003   第四借阅区/ [索取号:H0-05/108=2] 在馆    
4 0330401   203304012   第四借阅区/ [索取号:H0-05/108=2] 在馆    
5 0330402   203304021   第二样本阅览室/ [索取号:H0-05/108=2] 在馆    
唐山师范学院图书馆 欢迎您!
大连网信软件有限公司© 版权所有